Soy Yos: antología, 1966-2006
Salvato in:
| Autore principale: | |
|---|---|
| Natura: | Libro |
| Lingua: | spagnolo |
| Pubblicazione: |
Santiago
LOM
2010
|
| Edizione: | 1a. ed |
| Serie: | Colección Entre Mares
|
| Soggetti: | |
| Tags: |
Aggiungi Tag
Nessun Tag, puoi essere il primo ad aggiungerne!!
|
MARC
| LEADER | 00000cam a2200000 a 4500 | ||
|---|---|---|---|
| 001 | UCG8123 | ||
| 003 | CL-VaPUC | ||
| 008 | 111124e20100000CL |||||||||||||||||spa|d | ||
| 020 | |a 9789560002099 | ||
| 082 | 0 | 4 | |a Ch861 |b VIC |2 21 |
| 100 | 0 | |a Vicuña Ramírez, Cecilia |e author |9 559007 | |
| 245 | 1 | 0 | |a Soy Yos: antología, 1966-2006 |
| 250 | |a 1a. ed | ||
| 300 | |a 148 p | ||
| 942 | |c BK | ||
| 945 | |d 20111124 00:00:00 |a cmena | ||
| 260 | |a Santiago |b LOM |c 2010 | ||
| 650 | 0 | |a Poesías chilenas |9 265280 | |
| 650 | 0 | |a Literatura chilena |9 308278 | |
| 650 | 0 | |a Antologías |9 309836 | |
| 583 | |a last modification |c 20111124 10:34:00 |k Rodrigo Vera | ||
| 490 | 0 | |a Colección Entre Mares | |
| 999 | |c 345759 |d 345757 | ||
| 952 | |0 0 |1 0 |4 0 |6 CH_861_000000000000000_VIC_2010 |7 0 |8 A |9 446001 |a FDOPOS |b FDOPOS |d 2019-11-22 |i 4807790 |o Ch861 VIC 2010 |p 4807790 |r 2023-08-09 |w 2019-11-22 |y BK |k DLH | ||
| 952 | |0 0 |1 0 |4 0 |6 CH_861_000000000000000_VIC_2010 |7 0 |8 A |9 446002 |a BIBING |b BIBING |d 2019-11-22 |i 4871111 |o Ch861 VIC 2010 |p 4871111 |r 2025-01-20 |w 2019-11-22 |y BK |k CUI | ||